000 00585nam a22002417a 4500
003 UA-OsUOA
001 27276
007 ta
008 20040623b un ||||| |||| 00| 0 ukr d
100 _aГончаренко М.В.
090 _a7.036
_bГ65
942 _cBK
040 _aUA-OsUOA
_bukr
_cUA-OsUOA
_dUA-OsUOA
245 _aНеоавангардизм
_bПадіння без злету
300 _a157-159 с.
955 _a0
041 _aukr
080 _a7.036
260 _aКиїв
_bМистецтво
_c1983
044 _aUA
650 7 _2UDC
999 _c313620
_d313620